Представление документа в формате MARC21

Поле Инд. ПП Название Значение
Тип записи a
Библиографический уровень b
001 Контрольный номер 81eaf70025604ff6b6c80d88368d6161
005 Дата корректировки 20250109161335.8
080 a Индекс УДК [004.9:378.147-054.6]: 811.161.1
097 b Оператор *Плё*
100 1_ a Автор Бычкова О.В.
245 10 a Заглавие Цифровые инструменты при обучении русскому языку как иностранному
p Название части/ раздела Текст : электронный
b Продолж. заглавия статья
260 a Место издания Тверь
b Издательство ТвГТУ
c Дата издания 2024
520 0_ a Аннотация Дано определение термина «цифровые инструменты». Указаны преимущества их использования при преподавании русского языка как иностранного. Отмечено, что развитие цифровых технологий оказывает большое влияние на сферу образования и требует от современного преподавателя пересмотра привычных, традиционных методов обучения, овладения новыми компетенциями, а именно освоения цифровыми инструментами и применения их в работе. Сделан обзор основных цифровых инструментов, позволяющих организовать процесс обучения русскому языку как иностранному таким образом, чтобы он был эффективным и способствовал повышению мотивации учащихся к изучению русского языка
653 0_ a Ключевые слова Цифровые инструменты
a Ключевые слова Цифровые технологии
a Ключевые слова Электронные средства
a Ключевые слова Интерактивность
a Ключевые слова Преподавание
a Ключевые слова Онлайн-обучение
a Ключевые слова Онлайн-платформа
700 12 a Другие авторы Хуа Лан
773 18 w Контрольный № источника c4e9939318e24bb2b11a4700379ef408
t Название источника Обучение иностранцев в вузе и на этапе довузовской подготовки: тенденции и инновации
d Место и дата издания Тверь : ТвГТУ, 2024
z ISBN 978-5-7995-1354-2
g Прочая информация С. 91-95
900 a Имя макрообъекта 001-000161801-000000000-0000-0000-01
901 t Тип документа a
950 a Редактор записи вш
951 i EL-ТГТУ? да